000 00678nam a2200277Ia 4500
005 20260324115928.0
008 008 260324s9999 xx 000 0 eng d
020 _a9781315370026
037 _aEBOOK
040 _aCRL
040 _beng
040 _cCRL
041 _2eng
041 _aeng
084 _qCRL
100 _aEloy Nuñez; Ernest G. Vendrell
_91156547
245 0 _aManaging Critical Incidents and Large-Scale Event Security
260 _bTaylor and Francis
260 _c2016
365 _a
365 _b230
856 _uhttp://www.taylorfrancis.com/books/9781315370026
942 _cEBOOK
999 _c1747798
_d1747798